Population Circles Quiz - Statistics

General Stats
  • This quiz has been taken 129 times
  • The average score is 5 of 9
Answer Stats
Question Answer % Correct
Which population is higher?
92%
Which population is higher?
82%
Which population is higher?
78%
Which population is higher?
66%
Which population is higher?
61%
Which population is higher?
59%
Which population is higher?
27%
Which population is higher?
27%
Which population is higher?
25%
No matching quizzes found
Score Distribution
Percent of People with Each Score
Percentile by Number Answered
Your Score History
You have not taken this quiz